Największe miasta świata na literę D - Statystyki

Ogólne statystyki
  • Ten quiz został rozwiązany 61 razy
    41 od ostatniego zresetowania
  • Średni wynik to 10 z 20
Statystyki odpowiedzi
Państwo Ludność Miasto % Poprawnych
Indie 34,6 mln Delhi
100%
Bangladesz 22,5 mln Dhaka
97%
Zjednoczone Emiraty Arabskie 5,95 mln Dubaj
97%
Senegal 3,93 mln Dakar
90%
Syria 3,88 mln Damaszek
82%
Stany Zjednoczone 7,65 mln Dallas
79%
Katar 2,6 mln Doha
79%
Stany Zjednoczone 3,85 mln Denver
77%
Stany Zjednoczone 5,75 mln Detroit
67%
Republika Południowej Afryki 3,85 mln Durban
56%
Tanzania 6,25 mln Dar es Salaam
49%
Arabia Saudyjska 3,93 mln Dżedda
38%
Korea Południowa 2,73 mln Daegu
36%
Filipiny 1,68 mln Davao
23%
Kamerun 3,78 mln Duala
21%
Chiny 5,3 mln Dalian
18%
Chiny 1,95 mln Datong
10%
Indie 4,4 mln Dźajpur
10%
Chiny 1,85 mln Daqing
5%
Indie 1,66 mln Dźodhpur
5%
Nie znaleziono quizów pasujących do podanych kryteriów
Rozkład punktacji
Procent ludzi z każdym wynikiem
Percentyl według liczby udzielonych odpowiedzi
Twoja historia wyników
Nie rozwiązałeś tego quizu od ostatniego zresetowania